| 000 | 00477nam a2200217Ia 4500 | ||
|---|---|---|---|
| 003 | IT-RoPAU | ||
| 008 | 120407s9999 xx 000 0 und d | ||
| 040 | _aIT-RoPAU | ||
| 040 | _cIT-RoPAU | ||
| 041 | _aita | ||
| 100 | _aLev Nikolàevic Tolstoi | ||
| 245 | _aGuerra e pace. | ||
| 250 | _aFrancavilla a Mare | ||
| 260 | _aEdizioni Paoline | ||
| 260 | _c1972 | ||
| 300 | _c19 cm | ||
| 490 | _a(Filo d’erba, 82-85) | ||
| 490 | _v1 | ||
| 942 | _cBK | ||
| 999 |
_c13936 _d13936 |
||